000 00398nam a2200133Ia 4500
001 4452
008 241024s9999 xx 000 0 und d
082 _aRD/972.07/UN58m
100 _aUniversidad Autonoma de Santo Domingo
245 0 _aManuel de Teoría y Practica. Geografía de la isla de Santo Domingo
260 _bEditora Universitaria
_c2013
901 _a3/10/2016 4:00:28 p.m.
999 _c7619
_d7619